Parenting;the elementary child (Record no. 17304)

000 -LEADER
fixed length control field 00607nam a2200205 a 4500
001 - CONTROL NUMBER
control field :::00021180$&:&@@
003 - CONTROL NUMBER IDENTIFIER
control field OkBaRHE
005 - DATE AND TIME OF LATEST TRANSACTION
control field 20071103150025.0
008 - FIXED-LENGTH DATA ELEMENTS--GENERAL INFORMATION
fixed length control field s1995 j 000 0 eng u
020 ## - INTERNATIONAL STANDARD BOOK NUMBER
International Standard Book Number 0882432095
040 ## - CATALOGING SOURCE
Transcribing agency
100 1# - MAIN ENTRY--PERSONAL NAME
Personal name Brock, Raymond T.
245 10 - TITLE STATEMENT
Title Parenting;the elementary child
260 ## - PUBLICATION, DISTRIBUTION, ETC. (IMPRINT)
Place of publication, distribution, etc Springfield,MO
Name of publisher, distributor, etc Radiant Life
Date of publication, distribution, etc 1995
300 ## - PHYSICAL DESCRIPTION
Extent 121p
490 0# - SERIES STATEMENT
Series statement Spiritual Discovery Series
650 ## - SUBJECT ADDED ENTRY--TOPICAL TERM
Topical term or geographic name as entry element Parent and Child, Study and teaching,
942 ## - ADDED ENTRY ELEMENTS (KOHA)
Source of classification or shelving scheme
Koha item type Books
Copies
Permanent Location Date last seen Barcode Price effective from Koha item type Damaged status Copy number Lost status Source of classification or shelving scheme Withdrawn status Shelving location Date acquired Not for loan Full call number
RHEMA Bible Training College2010-04-14211802010-04-14Books 1   General Stacks2010-04-14 HQ 769 .B7